| 000 | 01212cam a2200217 4500 | ||
|---|---|---|---|
| 001 | L129856 | ||
| 008 | 050531n2004 000 0 eng u | ||
| 035 | _a(Sirsi) u129856 | ||
| 041 | _aeng | ||
| 050 |
_a692.2 _c18 |
||
| 110 |
_aOffice of the Deputy Prime Minister _94685 |
||
| 245 |
_aProposals for amending Part L of the Building Regulations and implementing the energy performance of buildings directive _ba consultation document |
||
| 260 |
_aLondon _bODPM _c2004 |
||
| 520 | _aConsultation paper inviting comment on government's proposals for amending the energy requirements in the Building Regulations and the accompanying Approved Documents L1 and L2, and the proposals for implementing the energy performance of buildings directive (Directive 2002/91/EC). Consultation closes 22 October 2004. | ||
| 650 | _aBUILDING REGULATIONS 2000 APPROVED DOCUMENT L1 (2002 EDITION) | ||
| 650 | _aBUILDING REGULATIONS 2000 APPROVED DOCUMENT L2 (2002 EDITION) | ||
| 650 | _aDIRECTIVE 2002/91/EC | ||
| 690 |
_aBuilding regulations _96224 |
||
| 856 |
_uhttps://www.odpm.gov.uk/stellent/groups/odpm_buildreg/documents/page/odpm_breg_029821.hcsp _zView the item free of charge at www.odpm.gov.uk... |
||
| 942 | _n0 | ||
| 999 |
_c104298 _d104298 |
||